[Event "GER-ch U12"]
[Site "Willingen"]
[Date "2004.06.03"]
[Round "9"]
[White "Schnieber, Jacqueline"]
[Black "Hohmann, Louisa"]
[Result "1-0"]
[WhiteElo "1140"]
[BlackElo "1339"]
[PlyCount "33"]
[EventDate "2004.06.??"]
[EventType "swiss"]
[EventRounds "11"]
[EventCountry "GER"]
[SourceTitle "EXT 2005"]
[Source "ChessBase"]
[SourceDate "2004.11.15"]
[SourceVersion "1"]
[SourceVersionDate "2004.11.15"]
[SourceQuality "1"]

1. e4 e6 2. d4 d5 3. exd5 exd5 4. Bd3 Bd6 5. Qf3 Ne7 6. Ne2 c6 7. Nbc3 Be6 8. Bd2 Nd7 9. 0-0-0 Qc7 10. h3 0-0-0 11. Rhe1 Nb6 12. Nf4 Bxf4 13. Bxf4 Qd7 14. Bh2 Nf5 15. Bxf5 Bxf5 16. Qf4 Bg6 17. Qb8# 1-0

[Event "GER-ch U12"]
[Site "Willingen"]
[Date "2004.06.02"]
[Round "7"]
[White "Schnieber, Jacqueline"]
[Black "Giesler, Julius"]
[Result "0-1"]
[WhiteElo "1140"]
[BlackElo "1394"]
[PlyCount "74"]
[EventDate "2004.06.??"]
[EventType "swiss"]
[EventRounds "11"]
[EventCountry "GER"]
[SourceTitle "EXT 2005"]
[Source "ChessBase"]
[SourceDate "2004.11.15"]
[SourceVersion "1"]
[SourceVersionDate "2004.11.15"]
[SourceQuality "1"]

1. e4 e5 2. Nf3 Nc6 3. Bc4 Bc5 4. Nc3 Nf6 5. d3 d6 6. h3 Be6 7. Bb3 Qe7 8. Qe2 0-0-0 9. 0-0 h6 10. Ba4 Nd4 11. Nxd4 exd4 12. Nb5 g5 13. c3 dxc3 14. bxc3 Bd7 15. Qc2 Qe8 16. c4 g4 17. h4 g3 18. Be3 c6 19. Nc3 Qe5 20. Bxc5 Qxc5 21. Ne2 gxf2+ 22. Rxf2 Ng4 23. d4 Qh5 24. Rf3 Qxh4 25. Rh3 Qf2+ 26. Kh1 Ne3 27. Rxe3 Qxe3 28. Rb1 Rhg8 29. Qb2 b6 30. d5 Qf2 31. g3 Bh3 32. Nf4 Qf3+ 33. Kh2 Qxg3+ 34. Kh1 Qf3+ 35. Kh2 Qxf4+ 36. Kh1 Qxe4+ 37. Kh2 Rg2+ 0-1

[Event "Rheinhausen op"]
[Site "Duisburg"]
[Date "2004.03.26"]
[Round "7"]
[White "Schnieber, Jacqueline"]
[Black "Grunau, Horst"]
[Result "1-0"]
[WhiteElo "1192"]
[BlackElo "1272"]
[PlyCount "85"]
[EventDate "2004.01.09"]
[EventType "swiss"]
[EventRounds "7"]
[EventCountry "GER"]
[SourceTitle "EXT 2006"]
[Source "ChessBase"]
[SourceDate "2005.11.24"]
[SourceVersion "1"]
[SourceVersionDate "2005.11.24"]
[SourceQuality "1"]

1. e4 c5 2. Nf3 Nc6 3. d4 cxd4 4. Nxd4 Nf6 5. Nc3 d6 6. Bc4 a6 7. a3 e5 8. Nxc6 bxc6 9. Bg5 Be7 10. h3 h6 11. Be3 c5 12. Qf3 Bb7 13. 0-0 0-0 14. Qg3 Nh5 15. Qg4 Nf6 16. Qf5 Bc8 17. Qf3 Rb8 18. Rab1 Nh7 19. Nd5 Bg5 20. Nc3 Nf6 21. Nd5 Nxd5 22. Bxd5 Bf6 23. Qh5 Bb7 24. Bc4 Bxe4 25. Rfc1 Bg6 26. Qf3 e4 27. Qg4 a5 28. Rd1 Qc7 29. h4 Bxb2 30. h5 Bh7 31. Bxh6 Bf6 32. Rbc1 Kh8 33. Bf4 Rbd8 34. h6 Rg8 35. Qh5 Rd7 36. Rd5 g6 37. Qg4 g5 38. Bxg5 Be7 39. Qf4 Rg6 40. Re1 Bxg5 41. Rxg5 Kg8 42. Rxe4 Qb7 43. Re8# 1-0

[Event "Rheinhausen op"]
[Site "Duisburg"]
[Date "2004.02.06"]
[Round "3"]
[White "Reisloh, Carsten"]
[Black "Schnieber, Jacqueline"]
[Result "1-0"]
[WhiteElo "1597"]
[BlackElo "1192"]
[PlyCount "57"]
[EventDate "2004.01.09"]
[EventType "swiss"]
[EventRounds "7"]
[EventCountry "GER"]
[SourceTitle "EXT 2006"]
[Source "ChessBase"]
[SourceDate "2005.11.24"]
[SourceVersion "1"]
[SourceVersionDate "2005.11.24"]
[SourceQuality "1"]

1. d4 d5 2. c4 e6 3. Nc3 Nf6 4. Bg5 Bb4 5. e3 Nc6 6. Nf3 h6 7. Bh4 Bd7 8. cxd5 exd5 9. Bd3 Bg4 10. h3 Bh5 11. Rc1 Qe7 12. 0-0 0-0-0 13. Be2 Bd6 14. Nxd5 Qe6 15. Nxf6 gxf6 16. Kh1 Qf5 17. Qc2 Qe6 18. a3 Rhg8 19. Rfd1 Bg6 20. Qc4 Qf5 21. Bd3 Qe6 22. d5 Bxd3 23. Rxd3 Qf5 24. dxc6 Qg6 25. cxb7+ Kb8 26. g3 Qf5 27. Kg2 Rg7 28. Rxd6 Rdg8 29. Qxc7# 1-0